000 00477nam a22001577a 4500
003 OSt
005 20150921152635.0
008 150921b xxu||||| |||| 00| 0 eng d
040 _cRUA
082 _aAGR CHI 2008 B035 Or.1
100 _91024
_aCHIN PHYLA
245 _aEffect of different weight of substract to the growth and yield of oyster mushroom at royal university of agriculture
260 _aphnom penh
_bRUA
_c2008
300 _axi,44p.
_cill.
_g29cm
942 _2ddc
_cAGR
999 _c981
_d981